Matemáticas
Uloženo v:
| Hlavní autoři: | , , |
|---|---|
| Médium: | Kniha |
| Jazyk: | španělština |
| Vydáno: |
Santiago
Ministerio de Educación Pública
1977
|
| Témata: | |
| Tagy: |
Přidat tag
Žádné tagy, Buďte první, kdo vytvoří štítek k tomuto záznamu!
|
MARC
| LEADER | 00000nam a2200000 a 4500 | ||
|---|---|---|---|
| 001 | UCT0357 | ||
| 003 | CL-VaPUC | ||
| 008 | 960830e19770000CL |||||||||||||||||spa|d | ||
| 082 | 0 | 4 | |a 372.7 |b PON |2 21 |
| 100 | 0 | |a Ponce C., Sergio |e author |9 368996 | |
| 700 | 0 | |a Setz R., Jorge |e author |9 368997 | |
| 700 | 0 | |a Pezoa T., Juan |e author |9 368998 | |
| 245 | 1 | 0 | |a Matemáticas |
| 300 | |a v | ||
| 942 | |c BK | ||
| 945 | |d 19960830 00:00:00 |a rleighto | ||
| 260 | |a Santiago |b Ministerio de Educación Pública |c 1977 | ||
| 500 | |a v.1: Primer nivel | ||
| 650 | 0 | |a Matemáticas |x Enseñanza |9 875527 | |
| 650 | 0 | |a Números enteros |9 357374 | |
| 650 | 7 | |a NUMEROS DECIMALES |2 CL-VaPUC |9 369000 | |
| 650 | 0 | |a Matemática |9 260235 | |
| 583 | |a last modification |c 19960830 00:00:00 |k Rodrigo Vera | ||
| 999 | |c 251373 |d 251371 | ||
| 952 | |0 0 |1 0 |4 0 |6 372_700000000000000_PON_1977 |7 0 |8 P |9 270484 |a BIBEDU |b BIBEDU |c BIBEDU_PB |d 2019-11-19 |h v.1 |i 3227294 |o 372.7 PON 1977 |p 3227294 |r 2024-01-25 |w 2019-11-19 |y BK |k EDU | ||